00718nam a2200181 a 4500003000200000005001700002008004100019050002800060100002900088245010200117260009200219300004000311504004300351650002500394650004000419650004300459650003400502020250411115314.0970101s19uu xx 00 eng d aPGS GT 2110b.Ok41 2004 aOkawa, Kristine Marie A. aPerceptions of grade 6 students on having a prescribed school uniform /cKristine Marie A. Okawa. aLas Piñas City, Philippines : bSouthville International School and Colleges,c2004. a18 pages :billustrations ;c28 cm. aIncludes bibliographical references.  aSchool uniforms.  aClothing and dressvSocial aspects. aElementary school studentsvAttitudes. a School children vAttitudes.